Az egyedül utazás megnövekedett népszerűségének okai és hatásai a turizmusra

Bibliográfiai részletek
Szerző: Miszori Míra Andrea
További közreműködők: Sipos Erika
Dokumentumtípus: Diplomadolgozat
Kulcsszavak:egyedül utazás
élménykeresés
függetlenség
személyes fejlődés
visszatartó tényezők
Online Access:http://dolgozattar.uni-bge.hu/59469

MARC

LEADER 00000nta a2200000 i 4500
001 dolg59469
005 20260409145114.0
008 260409suuuu hu om 000 hun d
040 |a BGE Dolgozattár Repozitórium  |b hun 
041 |a hu 
100 1 |a Miszori Míra Andrea 
245 1 3 |a Az egyedül utazás megnövekedett népszerűségének okai és hatásai a turizmusra  |c Miszori Míra Andrea  |h [elektronikus dokumentum] 
520 3 |a Dolgozatomban az egyedül utazó turisták motivációinak feltárására és az utazási döntéseiket befolyásoló pszichológiai, társadalmi, valamint kulturális tényezők vizsgálatára fókuszáltam. Kiemelten elemzem, milyen szerepet játszik az önkeresés, a társadalmi elvárások és a közösségi média az egyéni élményszerzés iránti vágy kialakulásában. Emellett a kutatás kiterjed az egyedül utazók turizmusra gyakorolt hatására, különösen a szálláshelyek és szolgáltatások területén megjelenő személyre szabott kínálatok vizsgálatára. A kutatás során primer és szekunder módszereket alkalmaztam: kvantitatív kérdőíves felmérés segítségével vizsgáltam a válaszadók tapasztalatait és véleményét, míg a szakirodalmak, cikkek és statisztikák elemzésével háttérinformációkat biztosítottam az eredmények értelmezéséhez. 
695 |a egyedül utazás 
695 |a élménykeresés 
695 |a függetlenség 
695 |a személyes fejlődés 
695 |a visszatartó tényezők 
700 1 |a Sipos Erika  |e ths 
856 4 0 |u http://dolgozattar.uni-bge.hu/59469/1/Miszori_M%C3%ADra_Szakdolgozat.pdf  |z Dokumentum-elérés 
856 4 0 |u http://dolgozattar.uni-bge.hu/59469/2/Miszori%20Mira%20Andrea%20konzulensi%20b%C3%ADr%C3%A1lata.pdf  |z Dokumentum-elérés 
856 4 0 |u http://dolgozattar.uni-bge.hu/59469/3/Miszori%20M%C3%ADra%20Andrea_opponens_Szab%C3%B3%20Mih%C3%A1ly.pdf  |z Dokumentum-elérés